000 00617nam a2200193Ia 4500
003 GCL
008 140319s9999 xx 000 0 ara d
040 _aGCL /
_cGCL
082 0 4 _a612.028
_bن د
100 1 _aنورى طاهر الطيب
245 1 0 _aدليل عملى كيمياء الانسجة /
_cنورى طاهر الطيب
700 1 _aبشير محمود جرار
250 _aالاولى
260 _aالرياض :
_bعمادة شئون المكتبات ،
_c1985
300 _a150 ص ؛
_c24 سم
650 0 4 _aالانسجة , علم
650 0 4 _aكمياء الانسجة
942 _2ddc
_cBK
999 _c6964
_d6964